000 00473nam a2200181Ia 4500
003 LK-CoDNM
005 20240826152041.0
008 010623t1918 xxu||||| |||| 00| 1 eng d
040 _aLK-CoDNM
_dLK-CoDNM
_eLK-CoDNM
041 _aeng
080 _a22
_bK36
100 _aSlater, Gilbert
245 _aEconomic Studies
260 _bOxford university
_aHumphrey milford
_c1918
300 _b205p. : 32ill, , ill ; 28 cm
650 _aSouth India village
942 _cBK
999 _c89367
_d89367